000 00758nam a2200205Ii 4500
003 JO-AjNU
008 230605s9999||||xx |||||||||||||| ||und||
040 _aJO-AjNU
_bara
_erda
_cJO-AjNU
041 _aara
050 1 4 _aBP135 2003
100 3 _aجمع ونقديم بن عودة، أبو مالك عودة بن حسن,
_eauthor
_917784
245 0 0 _a 500حديث مما تراجع عنها العلامة المحدث الألباني في كتبه
250 _aط1
264 3 1 _aعمان: دار النفائس للنشر والتوزيع، 2003
300 _aج1، 140ص
336 _atext
_btxt
_2rdacontent
337 _aunmediated
_bn
_2rdamedia
338 _avolume
_bnc
_2rdacarrier
650 4 _aالاسلام - الحديث الشريف
_917785
999 _aA5567
_c9135
_d9135